[Event "21. Copenhagen Open  (Politiken Cup)"]
[Site "Copenhagen"]
[Date "1999.07.05"]
[Round "3"]
[White "Hansen, Morten Lyck"]
[Black "Maarup, Michael"]
[Result "0-1"]
[WhiteElo "1847"]
[BlackElo "2184"]
[PlyCount "82"]
[EventDate "1999.07.03"]
[EventType "swiss"]
[EventRounds "11"]
[EventCountry "DEN"]
[SourceDate "2004.01.01"]

1. e4 d6 2. d4 Nf6 3. Nc3 g6 4. Nf3 Bg7 5. Be2 O-O 6. O-O Bg4 7. h3 Bxf3 8.
Bxf3 Nc6 9. d5 Ne5 10. Be2 c6 11. f4 Qb6+ 12. Kh1 Ned7 13. Rb1 Rac8 14. Bf3
cxd5 15. Nxd5 Nxd5 16. exd5 Qc7 17. c3 Qc4 18. Ra1 Nc5 19. Be2 Qa4 20. Qxa4
Nxa4 21. Bb5 Nb6 22. Be3 Nxd5 23. Bxa7 b6 24. c4 Ne3 25. Rf2 Bd4 26. Rd2 Bc5
27. Rd3 Nc2 28. Rc1 Nb4 29. Ra3 Rc7 30. Ra4 Nd3 31. Rc2 Ra8 32. Bxb6 Rxa4 33.
Bxc7 Rxa2 34. Re2 Nxf4 35. Rxe7 Rxb2 36. Bc6 Rb1+ 37. Kh2 Nh5 38. g4 Rb2+ 39.
Bg2 Nf4 40. Re4 Rxg2+ 41. Kh1 Rf2 0-1

[Event "21. Copenhagen Open  (Politiken Cup)"]
[Site "Copenhagen"]
[Date "1999.07.05"]
[Round "3"]
[White "Hansen, Soren Asger"]
[Black "Al Saad, Mofid"]
[Result "1-0"]
[WhiteElo "1683"]
[BlackElo "1323"]
[PlyCount "91"]
[EventDate "1999.07.03"]
[EventType "swiss"]
[EventRounds "11"]
[EventCountry "DEN"]
[SourceDate "2004.01.01"]

1. e4 c5 2. Nf3 Nc6 3. Bb5 d6 4. O-O Nf6 5. Re1 Bd7 6. c3 e5 7. d3 Be7 8. Nbd2
O-O 9. Nf1 h6 10. a3 a6 11. Bc4 Qc7 12. Ne3 Na5 13. Ba2 Be6 14. Nd5 Qd8 15. b4
Nc6 16. bxc5 dxc5 17. c4 Bd6 18. Rb1 Rb8 19. a4 Bg4 20. h3 Bh5 21. Be3 Nxd5 22.
cxd5 Nb4 23. Bb3 Re8 24. g4 Bg6 25. Qe2 Qd7 26. Nh4 Rf8 27. Rec1 b6 28. a5 Qe7
29. Nxg6 fxg6 30. axb6 Qh4 31. Kg2 Kh7 32. Bc4 Qe7 33. Ra1 Rxb6 34. Ra5 Rc8 35.
Rca1 Ra8 36. f3 Qc7 37. Qf2 Rc8 38. Bxa6 Rxa6 39. Rxa6 Nxd3 40. Qe2 c4 41. Rc6
Rb8 42. Rxc7 Rb2 43. Qxb2 Nxb2 44. Rc6 Bb4 45. d6 c3 46. d7 1-0

[Event "21. Copenhagen Open  (Politiken Cup)"]
[Site "Copenhagen"]
[Date "1999.07.05"]
[Round "3"]
[White "Hartvig, Ove Weiss"]
[Black "Danielsen, Henrik"]
[Result "0-1"]
[WhiteElo "2289"]
[BlackElo "2512"]
[PlyCount "56"]
[EventDate "1999.07.03"]
[EventType "swiss"]
[EventRounds "11"]
[EventCountry "DEN"]
[SourceDate "2004.01.01"]

1. e4 c6 2. d4 d5 3. e5 Bf5 4. Nf3 e6 5. Be2 Nd7 6. O-O Ne7 7. Nh4 Qb6 8. b3 c5
9. Be3 cxd4 10. Bxd4 Qa5 11. Nd2 Bg6 12. c4 Nc6 13. Bb2 Ndxe5 14. Nxg6 hxg6 15.
f4 Nxc4 16. Nxc4 dxc4 17. Bxc4 Rd8 18. Qg4 Bc5+ 19. Kh1 Bd4 20. Bxd4 Nxd4 21.
a4 Nc2 22. f5 Qe5 23. h3 gxf5 24. Bb5+ Kf8 25. Qg5 f6 26. Qc1 Nxa1 27. Re1 Qd5
28. Bc4 Rxh3+ 0-1

[Event "21. Copenhagen Open  (Politiken Cup)"]
[Site "Copenhagen"]
[Date "1999.07.05"]
[Round "3"]
[White "Hedman, Erik"]
[Black "Samuelsen, Carl Eli"]
[Result "1-0"]
[WhiteElo "2348"]
[BlackElo "2060"]
[PlyCount "67"]
[EventDate "1999.07.03"]
[EventType "swiss"]
[EventRounds "11"]
[EventCountry "DEN"]
[SourceDate "2004.01.01"]

1. d4 Nf6 2. c4 e6 3. Nc3 Bb4 4. Qc2 d5 5. cxd5 Qxd5 6. e3 O-O 7. Bd2 Bxc3 8.
bxc3 c5 9. Nf3 Nc6 10. Rb1 cxd4 11. cxd4 b6 12. Bd3 Qd6 13. Bc3 h6 14. e4 Qe7
15. O-O Bb7 16. Rfe1 Qd8 17. Qe2 Re8 18. a4 Rb8 19. h3 Ba8 20. Rbd1 Qe7 21. Qb2
Na5 22. Ne5 Nh5 23. Qd2 Nb3 24. Qe3 Red8 25. f4 Rbc8 26. Bc4 Na5 27. Bxa5 bxa5
28. f5 Rxc4 29. Nxc4 Qb4 30. Ne5 exf5 31. d5 Qxa4 32. Qxa7 f6 33. Qf7+ Kh7 34.
Qxh5 1-0

[Event "21. Copenhagen Open  (Politiken Cup)"]
[Site "Copenhagen"]
[Date "1999.07.05"]
[Round "3"]
[White "Helin, Mikael"]
[Black "Tjornsted, Peter"]
[Result "1-0"]
[WhiteElo "2200"]
[BlackElo "1837"]
[PlyCount "49"]
[EventDate "1999.07.03"]
[EventType "swiss"]
[EventRounds "11"]
[EventCountry "DEN"]
[SourceDate "2004.01.01"]

1. e4 e6 2. Nf3 d5 3. e5 c5 4. b4 b6 5. c3 c4 6. d4 cxd3 7. Bxd3 Ne7 8. h4 Nbc6
9. Bf4 Qc7 10. Qe2 Ng6 11. Bg3 a5 12. b5 Nb8 13. h5 Ne7 14. Ng5 h6 15. Nh7 Bb7
16. Nxf8 Kxf8 17. O-O Nd7 18. a4 Nc5 19. f4 Nxd3 20. Qxd3 Rc8 21. Bf2 Rd8 22.
Qd4 Nc8 23. Na3 Qe7 24. f5 exf5 25. Bh4 1-0

[Event "21. Copenhagen Open  (Politiken Cup)"]
[Site "Copenhagen"]
[Date "1999.07.05"]
[Round "3"]
[White "Hjortskov, Kjeld"]
[Black "Jorgensen, Morten"]
[Result "1-0"]
[WhiteElo "1655"]
[BlackElo "1151"]
[PlyCount "37"]
[EventDate "1999.07.03"]
[EventType "swiss"]
[EventRounds "11"]
[EventCountry "DEN"]
[SourceDate "2004.01.01"]

1. e4 c5 2. Nf3 d6 3. d4 cxd4 4. Nxd4 Nf6 5. Nc3 g6 6. Be3 Bg7 7. f3 O-O 8. Qd2
Bd7 9. g4 Nc6 10. Nxc6 Bxc6 11. O-O-O a6 12. h4 Bd7 13. h5 gxh5 14. gxh5 Ng4
15. fxg4 Bxg4 16. Qg2 f5 17. exf5 Bxf5 18. Rg1 Rf7 19. h6 1-0

[Event "21. Copenhagen Open  (Politiken Cup)"]
[Site "Copenhagen"]
[Date "1999.07.05"]
[Round "3"]
[White "Hoi, Carsten"]
[Black "Coleman, David"]
[Result "1-0"]
[WhiteElo "2394"]
[BlackElo "2240"]
[PlyCount "65"]
[EventDate "1999.07.03"]
[EventType "swiss"]
[EventRounds "11"]
[EventCountry "DEN"]
[SourceDate "2004.01.01"]

1. d4 Nf6 2. c4 g6 3. Nc3 Bg7 4. e4 d6 5. f3 b6 6. Be3 c5 7. Nge2 Bb7 8. Qd2 h5
9. d5 Na6 10. Nf4 Nd7 11. Be2 Ne5 12. Nh3 Bc8 13. Nf2 Nc7 14. h3 f6 15. f4 Nf7
16. Bd3 a6 17. e5 f5 18. e6 Nh6 19. g4 b5 20. gxh5 bxc4 21. Bxc4 gxh5 22. Rg1
Kf8 23. O-O-O Nb5 24. Ne2 Rb8 25. Rxg7 Kxg7 26. Rg1+ Kh7 27. Rg5 Rf8 28. Rxh5
Rf6 29. Bd3 Kg7 30. Ng3 Qf8 31. Rg5+ Rg6 32. h4 Qf6 33. Nh5+ 1-0

[Event "21. Copenhagen Open  (Politiken Cup)"]
[Site "Copenhagen"]
[Date "1999.07.05"]
[Round "3"]
[White "Howe, Dennis"]
[Black "Johansen, Terje"]
[Result "0-1"]
[WhiteElo "1919"]
[BlackElo "2231"]
[PlyCount "102"]
[EventDate "1999.07.03"]
[EventType "swiss"]
[EventRounds "11"]
[EventCountry "DEN"]
[SourceDate "2004.01.01"]

1. e4 c6 2. d4 d5 3. Nc3 dxe4 4. Nxe4 Nd7 5. Nf3 Ngf6 6. Nxf6+ Nxf6 7. c3 Bg4
8. h3 Bh5 9. Be2 e6 10. Ne5 Bxe2 11. Qxe2 Bd6 12. Bg5 Qc7 13. Bxf6 gxf6 14. Nc4
Be7 15. Ne3 O-O-O 16. O-O-O h5 17. g4 hxg4 18. hxg4 Qf4 19. f3 c5 20. Rxh8 Rxh8
21. Kb1 Rh2 22. Qd3 cxd4 23. Qc4+ Kb8 24. Qa4 Rh8 25. Qd7 Qc7 26. Rxd4 Bc5 27.
Qxc7+ Kxc7 28. Rd3 Rh3 29. Nc4 b5 30. Nd2 f5 31. gxf5 exf5 32. Kc2 Rh2 33. Kb3
Rf2 34. a3 Kc6 35. c4 a6 36. Kc3 Be7 37. cxb5+ axb5 38. b4 Bg5 39. f4 Bxf4 40.
Nf3 f6 41. Nd4+ Kb6 42. Nf3 Be5+ 43. Nxe5 fxe5 44. Rd6+ Kc7 45. Rd5 e4 46. Rxb5
f4 47. Re5 Re2 48. Rc5+ Kd6 49. Rc8 f3 50. Rd8+ Kc7 51. Rd2 e3 0-1

[Event "21. Copenhagen Open  (Politiken Cup)"]
[Site "Copenhagen"]
[Date "1999.07.05"]
[Round "3"]
[White "Hvenekilde, Jorgen"]
[Black "Bekker Jensen, Simon"]
[Result "0-1"]
[WhiteElo "2239"]
[BlackElo "2436"]
[PlyCount "88"]
[EventDate "1999.07.03"]
[EventType "swiss"]
[EventRounds "11"]
[EventCountry "DEN"]
[SourceDate "2004.01.01"]

1. e4 c5 2. Nf3 d6 3. c3 Nf6 4. Be2 Nbd7 5. d3 b6 6. O-O Bb7 7. Re1 g6 8. Nbd2
Bg7 9. Bf1 Ne5 10. Nxe5 dxe5 11. Nc4 Qc7 12. f4 Nd7 13. fxe5 b5 14. Ne3 Bxe5
15. Ng4 Bd6 16. Bh6 f5 17. e5 Nxe5 18. Nxe5 Bxe5 19. d4 Bxh2+ 20. Kh1 c4 21. a4
Qg3 22. axb5 Qh3 23. Rxe7+ Kxe7 24. Bg5+ Kd7 25. d5 Qg4 26. Qxg4 fxg4 27. Kxh2
Bxd5 28. Be3 Rhb8 29. Rd1 Ke6 30. b3 cxb3 31. Bd4 Rc8 32. Be2 h5 33. Bd3 Rc7
34. Bxg6 Rf8 35. Re1+ Kd7 36. Kg3 Be6 37. Re5 Rf1 38. Rxh5 b2 39. Rh7+ Kd6 40.
Be5+ Kxe5 41. Rxc7 Bf5 42. Bxf5 Rxf5 43. Re7+ Kd5 44. Re1 Kc4 0-1

[Event "21. Copenhagen Open  (Politiken Cup)"]
[Site "Copenhagen"]
[Date "1999.07.05"]
[Round "3"]
[White "Hogh, Sidsel T"]
[Black "Pedersen, Steen"]
[Result "0-1"]
[WhiteElo "1150"]
[BlackElo "1677"]
[PlyCount "76"]
[EventDate "1999.07.03"]
[EventType "swiss"]
[EventRounds "11"]
[EventCountry "DEN"]
[SourceDate "2004.01.01"]

1. d4 d5 2. c4 e6 3. Nc3 Nf6 4. Nf3 c6 5. Bg5 Nbd7 6. e3 Qa5 7. Nd2 Bb4 8. Qc2
O-O 9. Bd3 dxc4 10. Bxc4 Qxg5 11. O-O e5 12. Nf3 Qh5 13. Ne2 e4 14. Ng3 Qg6 15.
Nd2 Bxd2 16. Qxd2 Nb6 17. Be2 Bg4 18. Bxg4 Nxg4 19. Qc2 Nh6 20. Qxe4 Qxe4 21.
Nxe4 Nd7 22. Rac1 Rfe8 23. Nd6 Reb8 24. Rc3 f6 25. Rb3 Nb6 26. Rc1 Nf7 27. Nxf7
Kxf7 28. Rc5 Nd7 29. Rh5 h6 30. Kf1 Nb6 31. Rb4 Re8 32. Rh4 Re7 33. Ke2 Nd5 34.
Rb3 g5 35. Rg4 h5 36. Rg3 h4 37. Rf3 g4 38. Rf5 Kg6 0-1

[Event "21. Copenhagen Open  (Politiken Cup)"]
[Site "Copenhagen"]
[Date "1999.07.05"]
[Round "3"]
[White "Ingolfsdottir, Harpa"]
[Black "Baekgaard, Martin"]
[Result "0-1"]
[WhiteElo "1495"]
[BlackElo "2055"]
[PlyCount "28"]
[EventDate "1999.07.03"]
[EventType "swiss"]
[EventRounds "11"]
[EventCountry "DEN"]
[SourceDate "2004.01.01"]

1. e4 c5 2. Nf3 d6 3. d4 cxd4 4. Nxd4 Nf6 5. Nc3 g6 6. Bc4 Bg7 7. Be3 O-O 8.
Qd2 Ng4 9. Bg5 Nc6 10. Nb3 Nge5 11. Be2 Be6 12. h4 a5 13. h5 f6 14. Bh6 Bxh6
0-1

[Event "21. Copenhagen Open  (Politiken Cup)"]
[Site "Copenhagen"]
[Date "1999.07.05"]
[Round "3"]
[White "Jakobsen, Ole"]
[Black "Petersen, Lars"]
[Result "1-0"]
[WhiteElo "2398"]
[BlackElo "2096"]
[PlyCount "75"]
[EventDate "1999.07.03"]
[EventType "swiss"]
[EventRounds "11"]
[EventCountry "DEN"]
[SourceDate "2004.01.01"]

1. Nf3 Nf6 2. g3 d5 3. Bg2 c6 4. b3 Bf5 5. Bb2 e6 6. d3 h6 7. Nbd2 Nbd7 8. O-O
Be7 9. c4 O-O 10. Qc2 Bh7 11. a3 b5 12. Rfc1 Rc8 13. a4 b4 14. a5 c5 15. Ne5
Nxe5 16. Bxe5 Bd6 17. Bxf6 gxf6 18. cxd5 exd5 19. Bxd5 Be5 20. Bf3 Bxa1 21.
Rxa1 Qd4 22. Rc1 Rfe8 23. Nc4 Bf5 24. Qd2 Kh7 25. Ne3 Be6 26. Be4+ Kg8 27. Nf5
Bxf5 28. Bxf5 Rc7 29. Rc4 Qa1+ 30. Kg2 Kf8 31. d4 Rd8 32. Qxh6+ Ke7 33. Qe3+
Kf8 34. dxc5 Rd5 35. Qf4 Re5 36. Rxb4 Qxa5 37. Rb8+ Ke7 38. Qd4 1-0

[Event "21. Copenhagen Open  (Politiken Cup)"]
[Site "Copenhagen"]
[Date "1999.07.05"]
[Round "3"]
[White "Jensen, Henrik W"]
[Black "Pedersen, Bent O"]
[Result "1-0"]
[WhiteElo "2098"]
[BlackElo "1702"]
[PlyCount "77"]
[EventDate "1999.07.03"]
[EventType "swiss"]
[EventRounds "11"]
[EventCountry "DEN"]
[SourceDate "2004.01.01"]

1. Nf3 Nf6 2. e3 c5 3. b3 d5 4. Bb2 Nc6 5. Bb5 Bd7 6. O-O e6 7. d4 cxd4 8. exd4
Be7 9. Nbd2 O-O 10. c4 Rc8 11. c5 Qc7 12. a3 a6 13. Bd3 Ne8 14. b4 f6 15. Re1
f5 16. Ne5 Nf6 17. Qe2 Ng4 18. Ndf3 Ngxe5 19. Nxe5 Nxe5 20. dxe5 Ra8 21. Bd4 a5
22. Rec1 axb4 23. axb4 Rxa1 24. Rxa1 Rc8 25. g4 f4 26. f3 Qd8 27. Qd2 g5 28.
Qc2 Qf8 29. Bxh7+ Kh8 30. Ra7 Rc7 31. Bd3 Qb8 32. Qg2 Qg8 33. Qf2 Kg7 34. b5
Qc8 35. Kg2 Rxc5 36. Rxb7 Rc1 37. Ra7 Kf8 38. b6 Bc6 39. Qb2 1-0

[Event "21. Copenhagen Open  (Politiken Cup)"]
[Site "Copenhagen"]
[Date "1999.07.05"]
[Round "3"]
[White "Jensen, Jan Kargaard"]
[Black "Nielsen, Morten"]
[Result "0-1"]
[WhiteElo "1740"]
[BlackElo "2077"]
[PlyCount "118"]
[EventDate "1999.07.03"]
[EventType "swiss"]
[EventRounds "11"]
[EventCountry "DEN"]
[SourceDate "2004.01.01"]

1. e4 Nf6 2. e5 Nd5 3. d4 d6 4. c4 Nb6 5. Nf3 Bg4 6. exd6 exd6 7. Be2 Nc6 8.
Nc3 Be7 9. O-O O-O 10. b3 Bf6 11. Be3 d5 12. c5 Nc8 13. Qd2 N8e7 14. h3 Bxf3
15. Bxf3 h6 16. Rad1 Nb8 17. b4 c6 18. Bg4 Bh4 19. g3 f5 20. Bf3 Bf6 21. Bg2
Nd7 22. b5 Qa5 23. Nxd5 Qa4 24. Nxe7+ Bxe7 25. Rb1 Rad8 26. Qb2 Nf6 27. Qb3+
Qxb3 28. Rxb3 Nd5 29. Bxd5+ Rxd5 30. bxc6 bxc6 31. Rfb1 Bf6 32. Rb4 Rfd8 33.
Rd1 Rxc5 34. dxc5 Rxd1+ 35. Kg2 Rd7 36. a4 Kf7 37. a5 Bc3 38. Ra4 Rb7 39. Bd4
Rb4 40. Rxb4 Bxb4 41. a6 g6 42. h4 Ke6 43. Kf3 Kd5 44. Be3 h5 45. Kf4 Bxc5 46.
Kg5 Bxe3+ 47. fxe3 c5 48. Kxg6 Ke4 49. Kxh5 c4 50. g4 fxg4 51. Kxg4 c3 52. h5
c2 53. Kg5 c1=Q 54. h6 Qc3 55. Kg6 Qh8 56. h7 Kxe3 57. Kh6 Kf4 58. Kg6 Ke5 59.
Kh6 Kf5 0-1

[Event "21. Copenhagen Open  (Politiken Cup)"]
[Site "Copenhagen"]
[Date "1999.07.05"]
[Round "3"]
[White "Jensen, Jannick"]
[Black "Nielsen, Nicholas Roland"]
[Result "1-0"]
[WhiteElo "1967"]
[BlackElo "1538"]
[PlyCount "55"]
[EventDate "1999.07.03"]
[EventType "swiss"]
[EventRounds "11"]
[EventCountry "DEN"]
[SourceDate "2004.01.01"]

1. e4 b6 2. d4 Bb7 3. Bd3 Nf6 4. Nd2 e6 5. Ne2 Nc6 6. c3 Be7 7. O-O d6 8. f4
Qd7 9. Kh1 O-O-O 10. b4 Rdg8 11. Nb3 Nd8 12. Qc2 Ne8 13. a4 f5 14. exf5 g6 15.
fxe6 Nxe6 16. Be4 d5 17. Bd3 Nd6 18. a5 b5 19. Be3 Nc4 20. Bg1 Kb8 21. f5 gxf5
22. Bxf5 Bd6 23. Nf4 Bxf4 24. Nc5 Qd6 25. Bxe6 Rg6 26. Qf5 Bc8 27. Bxc8 Rf8 28.
Nd7+ 1-0

[Event "21. Copenhagen Open  (Politiken Cup)"]
[Site "Copenhagen"]
[Date "1999.07.05"]
[Round "3"]
[White "Jessen, Simon Pind"]
[Black "Larsen, Vagn"]
[Result "1-0"]
[WhiteElo "1939"]
[BlackElo "1465"]
[PlyCount "83"]
[EventDate "1999.07.03"]
[EventType "swiss"]
[EventRounds "11"]
[EventCountry "DEN"]
[SourceDate "2004.01.01"]

1. d4 Nf6 2. Nf3 e6 3. g3 d5 4. c4 c5 5. cxd5 Nxd5 6. Bg2 Nc6 7. O-O cxd4 8.
Nxd4 Bd7 9. e4 Nf6 10. Nc3 Nxd4 11. Qxd4 Bc6 12. Be3 Qxd4 13. Bxd4 Be7 14. Rfd1
O-O 15. e5 Nd5 16. Nxd5 exd5 17. Be3 Rfd8 18. a3 a6 19. Bb6 Re8 20. Bxd5 Rac8
21. Rac1 Bxd5 22. Rxc8 Rxc8 23. Rxd5 Rc6 24. Ba5 b5 25. Rd7 Kf8 26. Rc7 Rxc7
27. Bxc7 Bc5 28. Ba5 Bd4 29. Bc3 Bxc3 30. bxc3 Ke7 31. Kf1 Ke6 32. f4 Kd5 33.
Ke2 Kc4 34. Kd2 Kb3 35. Kd3 Kxa3 36. f5 Kb3 37. e6 fxe6 38. fxe6 a5 39. e7 a4
40. e8=Q a3 41. Qxb5+ Ka2 42. Kc2 1-0

[Event "21. Copenhagen Open  (Politiken Cup)"]
[Site "Copenhagen"]
[Date "1999.07.05"]
[Round "3"]
[White "Johansson, Thomas"]
[Black "Ronsted, Torben"]
[Result "0-1"]
[WhiteElo "2218"]
[BlackElo "1915"]
[PlyCount "64"]
[EventDate "1999.07.03"]
[EventType "swiss"]
[EventRounds "11"]
[EventCountry "DEN"]
[SourceDate "2004.01.01"]

1. e4 c6 2. d4 d5 3. f3 dxe4 4. fxe4 e5 5. Nf3 Be6 6. c3 Nf6 7. Bd3 Nbd7 8. O-O
h6 9. Kh1 Bd6 10. Be3 O-O 11. Nbd2 Qc7 12. Rc1 Rae8 13. Bb1 Bg4 14. Qc2 Nh5 15.
Nh4 Ndf6 16. Nf5 Bxf5 17. Rxf5 g6 18. Rf3 Ng4 19. Nf1 Nxe3 20. Rxe3 exd4 21.
cxd4 Bf4 22. Rh3 Bxc1 23. Qxc1 Qf4 24. Qd1 Qf2 25. Rf3 Qxb2 26. Ne3 Rd8 27. Nc2
Qb6 28. Rf1 Ng7 29. Qf3 Ne6 30. e5 Nxd4 31. Nxd4 Qxd4 32. Qf6 Qg4 0-1

[Event "21. Copenhagen Open  (Politiken Cup)"]
[Site "Copenhagen"]
[Date "1999.07.05"]
[Round "3"]
[White "Karlsen, Arne"]
[Black "Jensen, John Klaus"]
[Result "1-0"]
[WhiteElo "2022"]
[BlackElo "1563"]
[PlyCount "64"]
[EventDate "1999.07.03"]
[EventType "swiss"]
[EventRounds "11"]
[EventCountry "DEN"]
[SourceDate "2004.01.01"]

1. e4 e5 2. Nc3 Nc6 3. Nf3 Nf6 4. Bb5 d6 5. d4 exd4 6. Qxd4 Bd7 7. Bxc6 Bxc6 8.
O-O Be7 9. b4 Qd7 10. a4 a6 11. Bb2 O-O 12. Nd5 Bxd5 13. exd5 Ne8 14. Qf4 Bf6
15. c3 c5 16. dxc6 bxc6 17. Rad1 Rd8 18. Rd3 Nc7 19. Rfd1 Nd5 20. Qd2 Qg4 21.
h3 Qg6 22. c4 Nb6 23. Bxf6 Qxf6 24. Qc2 d5 25. cxd5 Nxd5 26. Qd2 Rb8 27. Rd4 g6
28. h4 h5 29. Ng5 Kg7 30. Ne4 Qe7 31. Nc5 Nxb4 32. Qc3 Nd5 1-0

[Event "21. Copenhagen Open  (Politiken Cup)"]
[Site "Copenhagen"]
[Date "1999.07.05"]
[Round "3"]
[White "Kokholm, Daniel"]
[Black "Petersen, Peter Birk"]
[Result "0-1"]
[WhiteElo "1892"]
[BlackElo "2205"]
[PlyCount "62"]
[EventDate "1999.07.03"]
[EventType "swiss"]
[EventRounds "11"]
[EventCountry "DEN"]
[SourceDate "2004.01.01"]

1. d4 Nf6 2. Nc3 d6 3. e4 g6 4. f3 Bg7 5. Be3 c6 6. Qd2 h6 7. h4 h5 8. O-O-O a6
9. Nh3 b5 10. Kb1 b4 11. Ne2 a5 12. Nef4 Na6 13. Bc4 d5 14. Bd3 dxe4 15. Bc4
Bf5 16. Ng5 e6 17. Rhe1 Nc7 18. Bg1 exf3 19. gxf3 O-O 20. Nd3 Nd7 21. Nf4 Nb6
22. Bd3 Ncd5 23. Ne2 Na4 24. Be3 Rb8 25. Ka1 c5 26. Bxf5 exf5 27. Bf4 Nxf4 28.
Qxf4 Qf6 29. Nc1 Rbd8 30. Nb3 cxd4 31. Rd3 Qb6 0-1

[Event "21. Copenhagen Open  (Politiken Cup)"]
[Site "Copenhagen"]
[Date "1999.07.05"]
[Round "3"]
[White "Kragh, Niels Kristian"]
[Black "Schmied, Andreas"]
[Result "1/2-1/2"]
[WhiteElo "1813"]
[BlackElo "2162"]
[PlyCount "33"]
[EventDate "1999.07.03"]
[EventType "swiss"]
[EventRounds "11"]
[EventCountry "DEN"]
[SourceDate "2004.01.01"]

1. e4 c5 2. c3 e5 3. d4 cxd4 4. cxd4 exd4 5. Qxd4 Nc6 6. Qe3 Nf6 7. Nc3 Bb4 8.
a3 Ba5 9. b4 Bb6 10. Qg3 d6 11. Bg5 h6 12. Qh4 Bd4 13. Nge2 Rg8 14. Nxd4 hxg5
15. Nxc6 gxh4 16. Nxd8 Kxd8 17. O-O-O 1/2-1/2

[Event "21. Copenhagen Open  (Politiken Cup)"]
[Site "Copenhagen"]
[Date "1999.07.05"]
[Round "3"]
[White "Kristjansson, Stefan"]
[Black "Mortensen, Erling"]
[Result "0-1"]
[WhiteElo "2278"]
[BlackElo "2445"]
[PlyCount "50"]
[EventDate "1999.07.03"]
[EventType "swiss"]
[EventRounds "11"]
[EventCountry "DEN"]
[SourceDate "2004.01.01"]

1. e4 c5 2. c3 e6 3. d4 d5 4. exd5 exd5 5. Nf3 Nc6 6. Be2 Nf6 7. O-O cxd4 8.
Nxd4 Bd6 9. Bg5 O-O 10. b4 Re8 11. Nxc6 bxc6 12. Nd2 Be5 13. Rc1 Qc7 14. f4 Bd6
15. Bxf6 gxf6 16. g3 Qb6+ 17. Kg2 a5 18. Bd3 axb4 19. Qh5 Rxa2 20. Qxh7+ Kf8
21. Qh6+ Ke7 22. Rc2 Rxc2 23. Bxc2 Qe3 24. Nf3 Bg4 25. Nh4 Bc5 0-1

[Event "21. Copenhagen Open  (Politiken Cup)"]
[Site "Copenhagen"]
[Date "1999.07.05"]
[Round "3"]
[White "Larusdottir, Aldis Run"]
[Black "Moller, Arne"]
[Result "1/2-1/2"]
[WhiteElo "1350"]
[BlackElo "1865"]
[PlyCount "43"]
[EventDate "1999.07.03"]
[EventType "swiss"]
[EventRounds "11"]
[EventCountry "DEN"]
[SourceDate "2004.01.01"]

1. d4 Nf6 2. c4 e6 3. Nc3 Bb4 4. a3 Bxc3+ 5. bxc3 h6 6. Bf4 d5 7. e3 Nbd7 8.
Nf3 b6 9. Qa4 O-O 10. Qc6 Ba6 11. Qa4 Bb7 12. Rb1 Ne4 13. Qc2 c5 14. Bd3 Ndf6
15. Ne5 dxc4 16. Nxc4 cxd4 17. cxd4 Rc8 18. f3 Ng5 19. Bxg5 hxg5 20. Qa4 Bd5
21. Ne5 Qe7 22. Qb5 1/2-1/2

[Event "21. Copenhagen Open  (Politiken Cup)"]
[Site "Copenhagen"]
[Date "1999.07.05"]
[Round "3"]
[White "Laursen, Niels Norskov"]
[Black "Berg, Olaf"]
[Result "1-0"]
[WhiteElo "2055"]
[BlackElo "1530"]
[PlyCount "45"]
[EventDate "1999.07.03"]
[EventType "swiss"]
[EventRounds "11"]
[EventCountry "DEN"]
[SourceDate "2004.01.01"]

1. e4 c5 2. Nc3 Nc6 3. Nf3 e6 4. d4 cxd4 5. Nxd4 Bc5 6. Nb3 Bb4 7. Bd3 a6 8.
O-O Qc7 9. Qg4 Kf8 10. f4 Nf6 11. Qe2 d6 12. Bd2 b6 13. Rae1 Bc5+ 14. Nxc5 dxc5
15. e5 Nd5 16. Nxd5 exd5 17. c3 c4 18. Bb1 Bd7 19. f5 Re8 20. Qf2 Nxe5 21. f6
Be6 22. fxg7+ Kxg7 23. Qf6+ 1-0

[Event "21. Copenhagen Open  (Politiken Cup)"]
[Site "Copenhagen"]
[Date "1999.07.05"]
[Round "3"]
[White "Lund, Thomas"]
[Black "McShane, Rod"]
[Result "1-0"]
[WhiteElo "1691"]
[BlackElo "1352"]
[PlyCount "59"]
[EventDate "1999.07.03"]
[EventType "swiss"]
[EventRounds "11"]
[EventCountry "DEN"]
[SourceDate "2004.01.01"]

1. c4 Nf6 2. Nc3 g6 3. e4 d6 4. Nge2 Bg7 5. g3 Nbd7 6. Bg2 Ne5 7. d4 Nxc4 8.
Qa4+ Bd7 9. Qxc4 e6 10. Bd2 b6 11. Rc1 O-O 12. Qd3 Rc8 13. O-O Ne8 14. f4 f5
15. exf5 exf5 16. Rfe1 c6 17. Kh1 Nf6 18. Ng1 d5 19. Nf3 Rc7 20. Ne5 Bc8 21. b4
Ne4 22. Nxe4 fxe4 23. Qb3 Qf6 24. Bxe4 Qd6 25. Bg2 Be6 26. Rf1 Kh8 27. Be3 Rfc8
28. Rf2 Bf8 29. Rfc2 Bf5 30. Rxc6 1-0

[Event "21. Copenhagen Open  (Politiken Cup)"]
[Site "Copenhagen"]
[Date "1999.07.05"]
[Round "3"]
[White "Lyell, Mark"]
[Black "Damgaard, Sven"]
[Result "1-0"]
[WhiteElo "2238"]
[BlackElo "1939"]
[PlyCount "141"]
[EventDate "1999.07.03"]
[EventType "swiss"]
[EventRounds "11"]
[EventCountry "DEN"]
[SourceDate "2004.01.01"]

1. e4 c5 2. c3 Nf6 3. e5 Nd5 4. d4 cxd4 5. Nf3 e6 6. cxd4 d6 7. a3 Bd7 8. Bd3
Bc6 9. O-O Nd7 10. b4 a6 11. Re1 Qc7 12. Bb2 N7b6 13. Nc3 Nxc3 14. Bxc3 Nd5 15.
Rc1 Qd7 16. Ng5 g6 17. Ne4 Be7 18. Bb2 O-O 19. Qd2 Rfc8 20. Qh6 Qd8 21. Bc4 Nb6
22. exd6 Bf8 23. Qh3 Bxe4 24. Bxe6 Rxc1 25. Bxc1 Bd5 26. Bxd5 Nxd5 27. d7 Qc7
28. Bg5 f5 29. Re8 Qc2 30. g4 Qd1+ 31. Kg2 fxg4 32. Qg3 Qxd4 33. Qb3 Kg7 34.
d8=Q Rxd8 35. Rxd8 Qe4+ 36. Kg3 Bd6+ 37. Rxd6 Qe5+ 38. Kxg4 h5+ 39. Kh3 Qxd6
40. Qg3 Qe6+ 41. Kg2 Qe4+ 42. Qf3 Qe5 43. Bd2 b5 44. h3 Qd4 45. Bg5 Qe5 46. Qg3
Qe4+ 47. Qf3 Qxf3+ 48. Kxf3 Kf7 49. Ke4 Ke6 50. Bh6 Nc3+ 51. Kd4 Na4 52. f3 Nb6
53. Kc5 Nd7+ 54. Kc6 Ne5+ 55. Kb6 Kd5 56. Kxa6 Kc4 57. f4 Nf3 58. Ka5 Nd4 59.
Bg7 Nc6+ 60. Kb6 Ne7 61. Be5 h4 62. Ka6 Nd5 63. Ka5 Ne7 64. Bd6 Nc6+ 65. Kb6
Nd4 66. Be5 Nf3 67. Ka5 Ng1 68. a4 bxa4 69. b5 Nf3 70. Kxa4 g5 71. b6 1-0